Stemmi Squadre di calcio - Serie A - Quiz n°2 - Statistics

Statistiche generali
  • Questo quiz è stato fatto 2.124 volte
  • Il punteggio medio è 10 su 10
Statistiche sulle risposte
con Immagini Risposta % Corretto
Palermo Football Club
100%
Spezia Calcio
100%
Taranto Football Club 1927
100%
Società Sportiva Arezzo
99%
Unione Sportiva Salernitana 1919
98%
Associazione Calcio Milan
97%
Associazione Calcio Reggiana 1919
97%
Como 1907
97%
Novara Football Club
97%
Calcio Padova
85%
Nessun quiz corrispondente trovato
Distribuzione punteggi
Percentuale di utenti per punteggio
Percentile per numero di risposta
I tuoi punteggi nel tempo
Non hai fatto questo quiz